| 000 | 01554nam a2200181 a 4500 | ||
|---|---|---|---|
| 001 | 000036750 | ||
| 003 | DO-SdBNP | ||
| 005 | 20250626104945.0 | ||
| 008 | 120127s1999 dr d 000 0 spa d | ||
| 040 |
_aDO-SdBNP _bspa _cBNPHU |
||
| 110 | 2 |
_aBanco Central de la República Dominicana _983405 |
|
| 245 | 1 | 0 | _aInforme de la economía dominicana : enero-marzo 1999. |
| 260 |
_aSanto Domingo : _bBanco Central, _c1999. |
||
| 300 |
_a89 p. : _bil., gráfs. ; _c32 cm. |
||
| 490 | 0 | _aPublicaciones del Banco Central de la Republica Dominicana | |
| 505 | 0 | _aPresentación -- Producto interno bruto-- Agropecuaria -- Minería -- Manufactura-- Construcción -- Electricidad y agua-- Comunicaciones -- Hoteles, bares y restaurantes -- Gobierno -- Finanzas -- Comercio -- Otras actividades -- Oferta y demanda -- Precios internos -- Sector Externo -- Resultado de la balanza de pagos -- Deuda pública externa -- Mercado de cambio --Entorno económico internacional -- Comportamiento financiero el Gobierno Central -- Política monetaria y crediticia -- Oferta monetaria -- Canalización de recursos a la economía -- Tasas de interés de los bancos comerciales -- Sector financiero -- Estructura institucional -- Comportamiento operacional del sector financiero -- Comportamientos operacional del sector financiero -- Comportamiento operacional de los bancos comerciales y de servicios múltiples -- Mercado de valores -- Resultado administrativo y operacionales -- del Banco Central -- Consideraciones finales -- Cuadros anexos -- Apencice. | |
| 942 |
_2ddc _cLBS1 |
||
| 999 |
_c36241 _d36241 |
||